000 00634nam a2200217 i 4500
001 101003
003 ES-MaACL
005 20230906182813.0
007 t|
008 051010s1948 sp ||||1| spa d
100 1 _aMaugham, W. Somerset.
_979192
245 1 3 _aLa imperfecta casada /
_cW. Somerset Maugham; [traducción del inglés por J. Romero de Tejada].
250 _a[1ª ed.].
260 _aBarcelona :
_bLara,
_c1948.
300 _a165 p. ;
_c19 cm.
490 1 _aHorizonte
700 1 _aRomero de Tejada, J.
_999376
830 0 _aHorizonte
_9180916
852 _aES-MaACL
_jE-520
_bR.27354
999 _c101003
_d101003